书目信息 |
| 题名: |
旧五代史
|
|
| 作者: | 薛居正 撰 | |
| 分册: | 第三册 | |
| 出版信息: | 北京 中华书局 1976.05 |
|
| 页数: | 671-975页 | |
| 开本: | 21cm | |
| 丛书名: | ||
| 单 册: | ||
| 中图分类: | K243.1 | |
| 科图分类: | ||
| 主题词: | 中国--历史 | |
| 电子资源: | ||
| ISBN: | ||
| 000 | 00678nam0 2200205 45 | |
| 001 | 0181010177 | |
| 005 | 20060812105933.78 | |
| 010 | @dCNY6.20 | |
| 091 | @a11018.658 | |
| 100 | @a20810111d km y0chiy0120 ea | |
| 101 | 0 | @achi |
| 200 | 1 | @a旧五代史@h第三册@e卷四九至卷七四(唐书)@EJuan Si Jiu Zhi Juan Qi Si(Tang Shu)@Ajiu wu dai shi@f(宋)薛居正等撰@F(Song)Xue Ju Zheng Deng Zhuan |
| 210 | @a北京@c中华书局@d1976.05 | |
| 215 | @a671-975页@d21cm | |
| 517 | @a卷四九至卷七四(唐书)@AJuan Si Jiu Zhi Juan Qi Si(Tang Shu) | |
| 606 | 0 | @a中国@x历史 |
| 690 | @aK243.1@v3 | |
| 701 | 0 | @a薛居正@4撰 |
| 801 | @aCN@bTSTC@c20060812 | |
| 905 | @dK243.1@e1:3@f1@b103315@b159602@f1 | |
| 旧五代史.第三册:卷四九至卷七四(唐书)/(宋)薛居正等撰.-北京:中华书局,1976.05 |
| 671-975页;21cm |
| ISBN :CNY6.20 |
| ● |
| 相关链接 |
|
|
|
|
正题名:旧五代史
索取号:K243.1/1:3
 
预约/预借
| 序号 | 登录号 | 条形码 | 馆藏地/架位号 | 状态 | 备注 |
| 1 | 0024421 | 000646162 | 第二借阅区/ [索取号:K243.1/1:3] | 在馆 | |
| 2 | 0103315 | 001287556 | 密集书库/ [索取号:K243.1/1:3] | 在馆 | |
| 3 | 0103316 | 000640480 | 第二样本阅览室/ [索取号:K243.1/1:3] | 在馆 | |
| 4 | 0159602 | 001287510 | 第二借阅区/ [索取号:K243.1/1:3] | 在馆 | |
| 5 | 0455915 | 204559156 | 密集书库/ [索取号:K243.1/1:3] | 在馆 |